| 000 | 00408cam a22001217a 4500 | ||
|---|---|---|---|
| 008 | 180718b1965 xxu||||| |||| 00| 0 eng d | ||
| 082 | _aA81x54 In2/61/Vol 14/Pt 6-B(5) | ||
| 100 | _aCensus of India 1961 | ||
| 245 | _aRajasthan: village survey monographs, Kyasara | ||
| 260 |
_aDelhi _bThe Manager of Publications _c1965 |
||
| 300 | _a49+p. | ||
| 440 | _aCensus of India 1961. Volume XIV, Rajasthan. Part VI-B(5) | ||
| 999 |
_c484368 _d484368 |
||